Cómo trabajar los contenidos procedimentales en el aula
Gardado en:
| Main Authors: | , , , , , , , , , , |
|---|---|
| Outros autores: | |
| Formato: | Libro |
| Idioma: | Lingua castelá |
| Publicado: |
Barcelona
Graó
1996
|
| Edición: | 2a. ed |
| Series: | Materiales para la Innovación Educativa, 8
|
| Subjects: | |
| Tags: |
Engadir etiqueta
Sen Etiquetas, Sexa o primeiro en etiquetar este rexistro!
|
MARC
| LEADER | 00000nam a2200000 a 4500 | ||
|---|---|---|---|
| 001 | UCS1909 | ||
| 003 | CL-VaPUC | ||
| 008 | 970516e19960000SP |||||||||||||||||spa|d | ||
| 082 | 0 | 4 | |a 371.3 |b ZAB |2 21 |
| 100 | 0 | |a Zabala, Antoni |e author |9 222236 | |
| 700 | 0 | |a Alsina, Pep |e author |9 386783 | |
| 700 | 0 | |a Bantulà Janot, Jaume |e author |9 386784 | |
| 700 | 0 | |a Carranza, Marta |e author |9 386785 | |
| 700 | 0 | |a Dilmé, Dolors |e author |9 386786 | |
| 700 | 0 | |a Forrellard, Missún |e author |9 386787 | |
| 700 | 0 | |a Gratacós, Rosa |e author |9 386788 | |
| 700 | |a Noguerol, Artur |e autor |9 490868 | ||
| 700 | 0 | |a Oliver, Monserrat |e author |9 386790 | |
| 700 | 0 | |a Oró, Ignasi |e author |9 386791 | |
| 700 | 0 | |a Pérez, Pep |e author |9 386792 | |
| 700 | 0 | |a Ríos, Jaume |e author |9 386793 | |
| 245 | 1 | 0 | |a Cómo trabajar los contenidos procedimentales en el aula |
| 250 | |a 2a. ed | ||
| 300 | |a 219 p | ||
| 942 | |c BK | ||
| 945 | |d 19970516 00:00:00 |a amoreno | ||
| 260 | |a Barcelona |b Graó |c 1996 | ||
| 650 | 7 | |a PROYECTOS EDUCACIONALES |2 CL-VaPUC |9 386794 | |
| 650 | 0 | |a Educación artística |9 269035 | |
| 650 | 0 | |a Educación física |9 240893 | |
| 650 | 0 | |a Lenguaje |9 265069 | |
| 650 | 0 | |a Comprensión de lectura |9 307588 | |
| 650 | 0 | |a Matemática |9 260235 | |
| 583 | |a last modification |c 20150113 01:18:58 |k Rodrigo Vera | ||
| 490 | 0 | |a Materiales para la Innovación Educativa, 8 | |
| 999 | |c 259923 |d 259921 | ||
| 952 | |0 0 |1 0 |4 0 |6 371_300000000000000_ZAB_1996 |7 0 |8 A |9 285448 |a BIBEDU |b BIBEDU |d 2019-11-19 |i 329935K |o 371.3 ZAB 1996 |p 329935K |r 2019-11-19 |w 2019-11-19 |y BK |k EDU | ||
| 952 | |0 0 |1 0 |4 0 |6 371_300000000000000_ZAB_1996 |7 0 |8 A |9 285449 |a FDOPOS |b FDOPOS |d 2019-11-19 |i 3308499 |o 371.3 ZAB 1996 |p 3308499 |r 2025-01-22 |w 2019-11-19 |y BK |k MLA | ||
| 952 | |0 0 |1 0 |4 0 |6 371_300000000000000_ZAB_1996 |7 0 |8 A |9 285450 |a BIBEDU |b BIBEDU |d 2019-11-19 |i 3494357 |o 371.3 ZAB 1996 |p 3494357 |r 2019-11-19 |w 2019-11-19 |y BK |k BME | ||
| 952 | |0 0 |1 0 |4 0 |6 371_300000000000000_ZAB_1996 |7 0 |8 A |9 285451 |a BIBEDU |b BIBEDU |d 2019-11-19 |i 3667863 |o 371.3 ZAB 1996 |p 3667863 |r 2019-11-19 |w 2019-11-19 |y BK |k BME | ||